000 nam a22 7a 4500
999 _c10637
_d10637
008 180220b ||||| |||| 00| 0 eng d
100 _aBhanot,D.P.etal.
_94875
245 _aLearnwell communicative English-1
260 _aUP
_bHolyfaith